Geography Quiz

Random Geography or City Quiz

Countries with Megacities Quiz Stats

 Plays Quiz Updated Feb 26, 2021

Support Sporcle.
Go Orange.
Score 0/21 Timer 04:00
11 Plays Today
# of cities Country % Correct
53United States
99.6%
74China
99.4%
50India
96.4%
14Russia
96.1%
21Brazil
95.6%
13Japan
94.3%
12Mexico
94.2%
10Germany
93.8%
6Canada
89.9%
8United Kingdom
86.6%
5Australia
85.7%
# of cities Country % Correct
5South Africa
83.4%
8Indonesia
76.3%
9Pakistan
73.8%
7Iran
72.4%
7South Korea
71.2%
8Turkey
67.5%
8Nigeria
59%
5Saudi Arabia
56.3%
6Colombia
51.4%
5Ukraine
49.7%

From the Vault

World's First Crossword

by bazmerelda

So this is where it all began.
Remove Ads.
Support Sporcle.
Get the best of Sporcle when you Go Orange. This ad-free experience offers more features, more stats, and more fun while also helping to support Sporcle. Thank you for becoming a member.

Show Comments

Extras

Top Quizzes Today


Score Distribution

Your Account Isn't Verified!

In order to create a playlist on Sporcle, you need to verify the email address you used during registration. Go to your Sporcle Settings to finish the process.

Report this User

Report this user for behavior that violates our Community Guidelines.

Details: